Представление документа в формате RUSMARC

ПолеНазваниеЗначение
  Тип записи a
  Библиографический уровень a
001 Контрольный номер 1f3a3380c9074699b9db7fafe0d35635
005 Дата корректировки 20260218162915.7
100 Данные общей обработки __
a Данные общей обработки 20260218 ||| 0rusy0189 ca
101 Язык документа 0_
a Язык текста rus
102 Страна публикации __
a Страна публикации RU
200 Заглавие и сведения об ответственности 1_
a Заглавие Древний Муром
e Сведения, относящиеся к заглавию [достопримечательности города: герб, памятник Илье Муромцу, муромскому калачу, Спасо-Преображенский мужской монастырь и др.]
g Последующие сведения об ответственности художник Мария Новикова
461 Уровень набора _0
1 2000
a Шишкин лес
463 Уровень физической единицы _0
1 2000
a № 1
v С. 6-7 : ил.
1 2101
d 2026
1 001b1e21e70af774f069bec951648ba564a
600 Персоналии _1
a Персоналии (Фамилия) Илья Муромец
600 Персоналии _1
a Персоналии (Фамилия) Пётр Муромский (святой)
600 Персоналии _1
a Персоналии (Фамилия) Феврония Муромская (святая)
606 Тематические рубрики 0_
a Основная рубрика Города России
y Географическая подрубрика Муром, город, Владимирская область, Россия
610 Ключевые слова 0_
a Ключевые слова российские города, древнерусские города; достопримечательности городов; достопримечательности Мурома; муромские святые; тыловые города; памятники святым; памятник Илье Муромцу; памятник Петру и Февронии; калачи; гербы городов; герб Мурома; Спасо-преображенский мужской монастырь
686 Индексы других классификаций __
a Классификационный индекс 63.3(2Рос-2)
801 Источник записи _0
a Страна RU
b Организация УОБДЮ
c Дата составления 20260218
g Правила каталогизации RCR
801 Источник записи _1
a Страна RU
b Организация УОБДЮ
c Дата составления 20260218
g Правила каталогизации RCR
901 Тип документа __
t Тип документа b
w Контрольный № источника b1e21e70af774f069bec951648ba564a
905 Данные по созданию БЗ __
b Логин пользователя, который создал БЗ ibo4
909 Создатель записи __
a Создатель записи Бобылёва И.В.
910 Корректоры записи __
a Корректор записи Бобылёва И.В.